| 000 | 00798nam a2200241Ia 4500 | ||
|---|---|---|---|
| 003 | OSt | ||
| 005 | 20221005103024.0 | ||
| 006 | a|||||r|||| 00| 0 | ||
| 007 | ta | ||
| 008 | 221004b |||||||| |||| 00| 0 hin d | ||
| 024 | _a29901 | ||
| 037 | _cTextual | ||
| 040 |
_aCRL _cCRL _bhin |
||
| 041 |
_2hin _ahin |
||
| 082 | _aY:1.2.C, M5 | ||
| 100 | _aउपाध्याय, रामजी | ||
| 245 | 0 | _aभारत की प्राचीन संस्कृति | |
| 246 | _aBhārat kī prāchīn sanskṛuti | ||
| 260 |
_aइलाहाबाद _bलोकभारती प्रकाशन भारत _c1985 |
||
| 300 |
_a274पृ. _ccm. |
||
| 942 |
_hY:1.2.C, M5 _cTEXL _2cc |
||
| 999 |
_c1009312 _d1009312 |
||